000 00634nam a2200193 i 4500
001 37239
003 ES-MaACL
005 20230906155530.0
007 t|
008 030220s1865 fr ||||1| fre d
080 _a930.85(410)
100 1 _aBuckle, Henry Thomas.
_932324
245 1 0 _aHistoire de la civilisation en Angleterre /
_cHenry Thomas Buckle ; traduction autorisée par A. Baillot.
260 _aParis :
_bA. Lacroix, Verboeckhoven,
_c1865 (
_eBruxelles :
_fA. Lacroise)
300 _a5 v. ;
_c22 cm.
651 4 _aGran Bretaña-
_xCivilización.
_9144519
700 1 _aBaillot. A.
_924709
852 _aES-MaACL
_jD-4109-13
999 _c37239
_d37239